Catálogo de publicaciones periódicas en educación.

Gardado en:
Detalles Bibliográficos
Autor Corporativo: Documentalista en Educación Superior e Investigación Educativa (DESIE)
Formato: Libro
Idioma:Lingua castelá
Temas:
Etiquetas: Engadir etiqueta
Sen Etiquetas, Sexa o primeiro en etiquetar este rexistro!

MARC

LEADER 00000cam^a2200000uu^4500
001 000480743
005 20250521000000.0
008 050901s1983^^^^^^^^^^^^rd^r^^000^0^spa^d
009 20260310125009.585
035 |a FCE 000023759 
035 |a FCE 007638 
037 |a Acervo ITESO - Biblioteca 
041 |a spa 
082 0 4 |a 016.07370  |b DESc 
110 |a Documentalista en Educación Superior e Investigación Educativa (DESIE),  |c México 
245 1 0 |a Catálogo de publicaciones periódicas en educación. 
264 |a México :  |b Desie,  |c 1983. 
300 |a 213 p. 
336 |a texto  |b txt  |2 rdacontenido 
337 |a sin mediación  |b n  |2 rdamedio 
338 |a volumen  |b nc  |2 rdasoporte 
649 |a XX 
650 |a Educación 
650 |a Catálogo 
650 |a Publicación periódica 
650 |a Información sobre educación 
910 |a Fondo Centro de Estudios Educativos 
920 |a Impresos - Libros 
930 |a Fondos Especiales 
905 |a 133 
901 |a ALE007638  |b IT2  |c CEE  |u 20250521 
902 |a https://opac.biblio.iteso.mx/vufind/Record/000480743